| 000 | 00755 a2200217 4500 | ||
|---|---|---|---|
| 010 | _aENG-89803 | ||
| 020 |
_a9788175413870 _c550.00 |
||
| 035 | _aEN-73336 | ||
| 037 | _bDBAD / PUB | ||
| 082 | 1 | 4 | _a301.153 |
| 090 |
_c11722 _d11722 |
||
| 245 | 1 |
_aEducation, Gandhi and man: _cedited by Akhtarul Wasey and Farhat Ehsas _bselect writings Khwaja Ghulamus Saiyyadain/ |
|
| 260 |
_aDelhi _bShipra Publications _c2008 |
||
| 270 |
_a115-A, Vikas Marg, Shakarpur _bDelhi _e110 092 |
||
| 300 |
_aviii, 218p. _c22 cm. (Hb) |
||
| 500 | _aIncludes index | ||
| 700 | _aWasey, Akhtarul | ||
| 700 | _aEhsas, Farhat | ||
| 942 |
_adpl _cEN _k301.153 / EDU |
||
| 999 |
_c11396 _d11396 |
||